000 00642cam a2200217 i 4500
001 17985996
005 20240613064241.0
008 140102s2014 cau b 001 0 eng
020 _a9788132113188
040 _aDLC
_beng
_cDLC
_erda
_dDLC
082 0 0 _a301.01
_223
245 0 0 _aPostmodernism in a global perspective /
_cedited by Samir Dasgupta, Peter Kivisto.
250 _a1 st
260 _aNew Delhi
_bSAGE Publication
_c2014
300 _axx, 285 pages ;
650 0 _aPostmodernism.
650 0 _aSociology
700 1 _aDasgupta, Samir,
_eeditor of compilation.
700 1 _aKivisto, Peter
_eeditor of compilation.
942 _cL
999 _c5900
_d5900